000 00266nam a22001217a 4500
008 170502b xxu||||| |||| 00| 0 eng d
041 _aeng
080 _a34
100 _a14
101 _aSHJ
245 _aLAWS AND CHANCE VARIATIONS
_cSVERDRUP, E
942 _2udc
_cBK
999 _c12367
_d12367